-
VERMA,DR. DEVI PRASAD,& CHOWTHAIWALE, SREERAM AND DESHMUKH, DEVENDRANATH
Entry Personal Name
Number of records used in: 1
001 - CONTROL NUMBER
003 - CONTROL NUMBER IDENTIFIER
005 - DATE AND TIME OF LATEST TRANSACTION
- control field:
20240705155827.0
008 - FIXED-LENGTH DATA ELEMENTS
- fixed length control field:
240705|| aca||aabn | a|a d
040 ## - CATALOGING SOURCE
- Original cataloging agency:
JRU
- Transcribing agency:
JRU
100 ## - HEADING--PERSONAL NAME
- Personal name:
VERMA,DR. DEVI PRASAD,& CHOWTHAIWALE, SREERAM AND DESHMUKH, DEVENDRANATH
670 ## - SOURCE DATA FOUND
- Source citation:
Work cat.: (JRU)8551: VERMA,DR. DEVI PRASAD,& CHOWTHAIWALE, SREERAM AND DESHMUKH, DEVENDRANATH , BHARAT KE PRAMUKH GANITACHARYA